|
|
|
|
| LEADER |
01045nam a2200277 a 4500 |
| 001 |
4049 |
| 003 |
BD-DhAAL |
| 005 |
20150415121249.0 |
| 008 |
150415s1994 enka b 001 0 eng |
| 010 |
|
|
|a 94016355
|
| 020 |
|
|
|a 0335192319 (hb)
|
| 020 |
|
|
|a 0335192300 (pb)
|
| 040 |
|
|
|a DLC
|c DLC
|d DLC
|d BD-DhAA
|
| 050 |
0 |
0 |
|a LB1139.3.G7
|b Q35 1994
|
| 082 |
0 |
0 |
|a 372.21/0941
|2 20
|
| 245 |
0 |
0 |
|a Quality education in the early years /
|c edited by Lesley Abbott and Rosemary Rodger.
|
| 260 |
|
|
|a Buckingham [England] ;
|a Philadelphia :
|b Open University Press,
|c 1994.
|
| 300 |
|
|
|a vii, 199 p. :
|b ill. ;
|c 23 cm.
|
| 504 |
|
|
|a Includes bibliographical references (p. [186]-194) and index.
|
| 541 |
|
|
|e 4049
|
| 650 |
|
0 |
|a Early childhood education
|z Great Britain.
|9 10383
|
| 700 |
1 |
|
|a Abbott, Lesley,
|d 1945-
|9 10384
|
| 700 |
1 |
|
|a Rodger, Rosemary,
|d 1946-
|9 10385
|
| 942 |
|
|
|2 ddc
|c BK
|
| 999 |
|
|
|c 34229
|d 34229
|
| 952 |
|
|
|0 0
|1 0
|2 ddc
|4 0
|6 372_210941000000000_QUA
|7 0
|9 53443
|a SCL
|b SCL
|c GEN
|d 2015-04-15
|l 0
|o 372.210941 QUA
|p 3020004049
|r 2015-04-15
|t 1
|w 2015-04-15
|y BK
|